Capitals of the World - Three Minute Sprint - Statistics

General Stats
  • This quiz has been taken 129 times
  • The average score is 64 of 196
Answer Stats
Answer % Correct
London
89%
Paris
87%
Berlin
85%
Moscow
83%
Rome
83%
Tokyo
80%
Lisbon
78%
Madrid
76%
Oslo
76%
Washington
76%
Athens
72%
Warsaw
72%
Dublin
70%
Brasília
69%
Helsinki
69%
Mexico City
69%
Ottawa
69%
Bern
67%
Amsterdam
65%
Beijing
65%
Seoul
63%
Canberra
61%
Kiev
61%
Stockholm
61%
San Marino
59%
Vienna
59%
Minsk
57%
New Delhi
57%
Cairo
56%
Copenhagen
54%
Bucharest
52%
Budapest
52%
Reykjavik
52%
Jakarta
50%
Lima
50%
Riga
50%
Zagreb
50%
Singapore
48%
Ankara
46%
Brussels
46%
Monaco
46%
Pyongyang
46%
Santiago
46%
Vatican City
46%
Bogotá
44%
Cape Town
44%
Jerusalem
44%
Sofia
44%
Tallinn
44%
Tehran
44%
Buenos Aires
43%
Manila
43%
Prague
43%
Tunis
43%
Wellington
43%
Bangkok
41%
Belgrade
41%
Vaduz
41%
Vilnius
41%
Algiers
39%
Caracas
39%
Chișinău
39%
Doha
39%
Quito
39%
Rabat
39%
Andorra la Vella
37%
Baku
37%
Dhaka
37%
La Paz
37%
Skopje
37%
Yerevan
37%
Abu Dhabi
35%
Amman
35%
Astana
35%
Hanoi
35%
Islamabad
35%
Montevideo
35%
Panama City
35%
Taipei
35%
Abuja
33%
Asunción
33%
Baghdad
33%
Bratislava
33%
Havana
33%
Kabul
33%
Ljubljana
33%
Luxembourg
33%
Nicosia
33%
Sarajevo
33%
Tirana
33%
Pristina
31%
San José
31%
Damascus
30%
Riyadh
30%
Tbilisi
30%
Valletta
30%
Accra
28%
Bishkek
28%
Guatemala City
28%
Ulaanbaatar
28%
Beirut
26%
Belmopan
26%
Kuala Lumpur
26%
Lomé
26%
Muscat
26%
Nairobi
26%
Nassau
26%
Tripoli
26%
Addis Ababa
24%
Asmara
24%
Dakar
24%
Kingston
24%
Manama
24%
Maputo
24%
Mogadishu
24%
Sana'a
24%
Dili
22%
Georgetown
22%
Kathmandu
22%
Managua
22%
Podgorica
22%
Port-au-Prince
22%
Suva
22%
Apia
20%
Bandar Seri Begawan
20%
Banjul
20%
Luanda
20%
Malé
20%
Phnom Penh
20%
Port Louis
20%
San Salvador
20%
Tegucigalpa
20%
Bridgetown
19%
Freetown
19%
Juba
19%
Kingstown
19%
Santo Domingo
19%
Tashkent
19%
Brazzaville
17%
Colombo
17%
Djibouti
17%
Harare
17%
Kinshasa
17%
Paramaribo
17%
Port-of-Spain
17%
Port Vila
17%
Roseau
17%
Thimphu
17%
Vientiane
17%
Bangui
15%
Dodoma
15%
Dushanbe
15%
Khartoum
15%
Kuwait City
15%
Libreville
15%
Lilongwe
15%
Malabo
15%
Monrovia
15%
Niamey
15%
Port Moresby
15%
Porto-Novo
15%
Yaoundé
15%
Ashgabat
13%
Bamako
13%
Funafuti
13%
Gitega
13%
Kampala
13%
Lusaka
13%
Majuro
13%
Moroni
13%
Praia
13%
South Tarawa
13%
Yaren
13%
Basseterre
11%
Bissau
11%
Castries
11%
Gaborone
11%
Maseru
11%
Naypyidaw
11%
Ouagadougou
11%
São Tomé
11%
Yamoussoukro
11%
Conakry
9%
Honiara
9%
Kigali
9%
Saint George's
9%
Saint John's
9%
Windhoek
9%
Antananarivo
7%
Palikir
7%
Nouakchott
6%
Victoria
6%
Mbabane
4%
N'Djamena
4%
Ngerulmud
4%
Nuku'alofa
2%
No matching quizzes found
Score Distribution
Percent of People with Each Score
Percentile by Number Answered
Your Score History
You have not taken this quiz